000 00499nam a2200169Ia 4500
003 GCL
008 140319s9999 xx 000 0 ara d
040 _aGCL /
_cGCL
082 0 4 _aط
_b823.087
_bح ح
100 1 _aحسونة المصباحى (مترجم)
245 1 0 _aحكايات من هذا العالم /
_cحسونة المصباحى (مترجم)
300 _a72 ص
490 _aنصوص عالمية
_v0
650 0 4 _aالاطفال
650 0 4 _aقصص الاطفال
942 _2ddc
_cBK
999 _c45408
_d45408